| 000 | 00978nam a2200277 a 4500 | ||
|---|---|---|---|
| 001 | |||
| 003 | DO-SdBNP | ||
| 005 | 20231009132308.0 | ||
| 008 | 100201s2003 ve 000 0 spa d | ||
| 020 | _a9803172034 | ||
| 040 |
_aDO-SdBNP _bspa _cBPMSU |
||
| 082 | 4 |
_a364.98 _bC929v 2007 _222 |
|
| 245 | 1 | 4 |
_aCriminalidad, violencia y desarrollo : _btendencia, costos y opciones de política públicas en el Caribe _c |
| 246 | 1 | 3 | _5Informe no. 37820 |
| 260 |
_a[Santo Domingo] : _bBanco Mundial _c 2007 _b _b _b |
||
| 300 |
_a224 p. ; _c23 cm. |
||
| 504 | _aIncluye referencias bilbiográficas y notas al pie de las páginas | ||
| 504 | _aBibliografía : p. 181-200 | ||
| 590 | _aInventariado, 2023/VM | ||
| 650 | 4 |
_aViolencia _zAmérica Latina. _v |
|
| 650 | 4 |
_aViolencia _zCaribe ( República Dominicana, Región) _v . _2 |
|
| 650 | 4 |
_aViolencia _xPrevención _zCaribe (Región) |
|
| 710 | 2 | _aBanco Mundial | |
| 910 | _aVMateo V. Control de calidad.BPMSU | ||
| 942 |
_2ddc _cBK |
||
| 999 |
_c14473 _d14473 |
||